Top 15 Most Famous Celebrities From California - Statistics

General Stats
  • This quiz has been taken 3 times
  • The average score is 2 of 15
Answer Stats
Hint Celebrity % Correct
Internet personality and businesswoman from Los Angeles Kylie Jenner
67%
Actress from Los Angeles Angelina Jolie
33%
Internet personality and entrepreneur from Los Angeles Kim Kardashian
33%
Singer-songwriter and actress from Murrietav Olivia Rodrigo
33%
Former NFL quarterback from San Mateo Tom Brady
33%
Actress from Oakland Zendaya
33%
Singer-songwriter from Los Angeles Billie Eilish
0%
Actress from Los Angeles Blake Lively
0%
Actor and director from San Francisco Clint Eastwood
0%
Singer-songwriter from Los Angeles Doja Cat
0%
Actor from Los Angeles Jake Gyllenhaal
0%
Actress from Palm Desert Jenna Ortega
0%
Actor and producer from Los Angeles Leonardo DiCaprio
0%
Actress from Los Angeles Meghan Markle
0%
Actor from San Luis Obispo Zac Efron
0%
No matching quizzes found
Score Distribution
Percent of People with Each Score
Percentile by Number Answered
Your Score History
You have not taken this quiz